Normal view
MARC view
- Dane, Clemence
Entry Personal Name
001 - CONTROL NUMBER
- control field: 107581
003 - CONTROL NUMBER IDENTIFIER
- control field: NUST
005 - DATE AND TIME OF LATEST TRANSACTION
- control field: 20230125074829.0
008 - FIXED-LENGTH DATA ELEMENTS
- fixed length control field: 230125|| aca||aabn | a|a d
040 ## - CATALOGING SOURCE
- Original cataloging agency: NUST
- Transcribing agency: NUST
100 ## - HEADING--PERSONAL NAME
- Personal name: Dane, Clemence
670 ## - SOURCE DATA FOUND
- Source citation: Work cat.: (NUST)186752: Dane, Clemence, Broome stages /, 1931
